00522 2200193 4500001002100000005001500021035002000036007000300056008004100059020002100100082001200121084001800133100001900151245004600170250001100216260003200227300004100259650002800300INLIS00000000000186120250822095529 a0010-0825000008ta250822 g 0 ind  a979-1035-05-5-05 a297.246 a297.246 MUF k0 aMuflihun Hasan1 aKisah 25 Nabi dan Rasul /cMuflihun Hasan aCet. 1 aGresik :bCV. ITA Surakarta a168 hlm. :bilust. ;c14.5 x 19.8 cm akisah 25 nabi dan rasul